ESSENTIALS OF IMMUNOLOGY (Record no. 1428)
[ view plain ]
| 000 -LEADER | |
|---|---|
| fixed length control field | 00338nam a2200145Ia 4500 |
| 008 - FIXED-LENGTH DATA ELEMENTS--GENERAL INFORMATION | |
| fixed length control field | 150201s2011 xx 000 0 und d |
| 082 ## - DEWEY DECIMAL CLASSIFICATION NUMBER | |
| Classification number | 616.079 |
| Item number | E11G |
| 100 ## - MAIN ENTRY--PERSONAL NAME | |
| Personal name | GUPTA ,S,K, |
| 245 ## - TITLE STATEMENT | |
| Title | ESSENTIALS OF IMMUNOLOGY |
| 250 ## - EDITION STATEMENT | |
| Edition statement | 1ST |
| 260 ## - PUBLICATION, DISTRIBUTION, ETC. (IMPRINT) | |
| Name of publisher, distributor, etc. | ARYA |
| Place of publication, distribution, etc. | DELHI |
| Date of publication, distribution, etc. | 2011 |
| 300 ## - PHYSICAL DESCRIPTION | |
| Extent | 1-361 |
| 650 ## - SUBJECT ADDED ENTRY--TOPICAL TERM | |
| Topical term or geographic name as entry element | MICROBIOLOGY |
| 942 ## - ADDED ENTRY ELEMENTS (KOHA) | |
| Source of classification or shelving scheme | Dewey Decimal Classification |
| Koha item type | Books |
| Koha issues (borrowed), all copies | 21 |
| Withdrawn status | Lost status | Source of classification or shelving scheme | Damaged status | Not for loan | Collection code | Home library | Current library | Shelving location | Date acquired | Source of acquisition | Cost, normal purchase price | SGTU | Bill Number | Total Checkouts | Full call number | Barcode | Date last seen | Date last checked out | Bill Date | Koha item type | Total Renewals |
|---|---|---|---|---|---|---|---|---|---|---|---|---|---|---|---|---|---|---|---|---|---|
| Dewey Decimal Classification | MEDICAL | SGT Medical Library | SGT Medical Library | Text Book | 24/01/2013 | ABC DELHI | 300.00 | SGTU | 3109 | 23 | 616.079 E11G | FM5165 | 31/05/2024 | 31/05/2024 | 02/02/2013 | Books | |||||
| Dewey Decimal Classification | MEDICAL | SGT Medical Library | SGT Medical Library | Text Book | 24/01/2013 | ABC DELHI | 300.00 | SGTU | 3109 | 21 | 616.079 E11G | FM5166 | 24/12/2024 | 03/06/2024 | 02/02/2013 | Books | |||||
| Dewey Decimal Classification | MEDICAL | SGT Medical Library | SGT Medical Library | Text Book | 24/01/2013 | ABC DELHI | 300.00 | SGTU | 3109 | 18 | 616.079 E11G | FM5167 | 24/07/2024 | 01/07/2024 | 02/02/2013 | Books | |||||
| Dewey Decimal Classification | MEDICAL | SGT Medical Library | SGT Medical Library | Text Book | 24/01/2013 | ABC DELHI | 300.00 | SGTU | 3109 | 22 | 616.079 E11G | FM5168 | 25/09/2023 | 21/09/2023 | 02/02/2013 | Books | |||||
| Dewey Decimal Classification | MEDICAL | SGT Medical Library | SGT Medical Library | Text Book | 24/01/2013 | ABC DELHI | 300.00 | SGTU | 3109 | 16 | 616.079 E11G | FM5169 | 13/06/2024 | 28/05/2024 | 02/02/2013 | Books | 1 |